Introduction to homeland security : (Record no. 306)

MARC details
000 -LEADER
fixed length control field 02067nam a22004937a 4500
001 - CONTROL NUMBER
control field 22660259
005 - DATE AND TIME OF LATEST TRANSACTION
control field 20230503081602.0
008 - FIXED-LENGTH DATA ELEMENTS--GENERAL INFORMATION
fixed length control field 230503b |||||||| |||| 00| 0 eng d
010 ## - LIBRARY OF CONGRESS CONTROL NUMBER
LC control number 2021304175
020 ## - INTERNATIONAL STANDARD BOOK NUMBER
International Standard Book Number 9780128171370
Qualifying information paperback
020 ## - INTERNATIONAL STANDARD BOOK NUMBER
International Standard Book Number 0128171375
Qualifying information paperback
020 ## - INTERNATIONAL STANDARD BOOK NUMBER
Canceled/invalid ISBN 9780128171387
Qualifying information electronic book
035 ## - SYSTEM CONTROL NUMBER
System control number (OCoLC)on1150979267
040 ## - CATALOGING SOURCE
Original cataloging agency YDX
Language of cataloging eng
Description conventions rda
Transcribing agency YDX
Modifying agency KMU
042 ## - AUTHENTICATION CODE
Authentication code lccopycat
043 ## - GEOGRAPHIC AREA CODE
Geographic area code n-us---
050 00 - LIBRARY OF CONGRESS CALL NUMBER
Classification number HV 6432
Item number .I58 2021
100 1# - MAIN ENTRY--PERSONAL NAME
Personal name Bullock, Jane A.,
Relator term author.
245 10 - TITLE STATEMENT
Title Introduction to homeland security :
Remainder of title principles of all-hazards risk management /
Statement of responsibility, etc. Jane A. Bullock, George D. Haddow, Damon P. Coppola.
250 ## - EDITION STATEMENT
Edition statement Sixth edition.
264 #1 - PRODUCTION, PUBLICATION, DISTRIBUTION, MANUFACTURE, AND COPYRIGHT NOTICE
Place of production, publication, distribution, manufacture Oxford, United Kingdom ;
-- Cambridge, MA :
Name of producer, publisher, distributor, manufacturer Butterworth-Heinemann is an imprint of Elsevier,
Date of production, publication, distribution, manufacture, or copyright notice [2021]
300 ## - PHYSICAL DESCRIPTION
Extent xxii, 857 pages :
Other physical details illustrations (chiefly color), color maps ;
Dimensions 24 cm
336 ## - CONTENT TYPE
Content type term text
Content type code txt
Source rdacontent
337 ## - MEDIA TYPE
Media type term unmediated
Media type code n
Source rdamedia
338 ## - CARRIER TYPE
Carrier type term volume
Carrier type code nc
Source rdacarrier
500 ## - GENERAL NOTE
General note Previous edition: 2015.
504 ## - BIBLIOGRAPHY, ETC. NOTE
Bibliography, etc. note Includes bibliographical references and index.
610 17 - SUBJECT ADDED ENTRY--CORPORATE NAME
Corporate name or jurisdiction name as entry element United States.
Subordinate unit Department of Homeland Security.
Source of heading or term fast
Authority record control number or standard number (OCoLC)fst01802760
650 #0 - SUBJECT ADDED ENTRY--TOPICAL TERM
Topical term or geographic name entry element Terrorism
General subdivision Prevention
-- Government policy
Geographic subdivision United States.
650 #0 - SUBJECT ADDED ENTRY--TOPICAL TERM
Topical term or geographic name entry element National security
Geographic subdivision United States.
650 #0 - SUBJECT ADDED ENTRY--TOPICAL TERM
Topical term or geographic name entry element Civil defense
Geographic subdivision United States.
650 #0 - SUBJECT ADDED ENTRY--TOPICAL TERM
Topical term or geographic name entry element Emergency management
Geographic subdivision United States.
650 #6 - SUBJECT ADDED ENTRY--TOPICAL TERM
Topical term or geographic name entry element Terrorisme
General subdivision Prévention
-- Politique gouvernementale
Geographic subdivision États-Unis.
650 #7 - SUBJECT ADDED ENTRY--TOPICAL TERM
Topical term or geographic name entry element Civil defense.
Source of heading or term fast
Authority record control number or standard number (OCoLC)fst00862456
650 #7 - SUBJECT ADDED ENTRY--TOPICAL TERM
Topical term or geographic name entry element Emergency management.
Source of heading or term fast
Authority record control number or standard number (OCoLC)fst00908500
650 #7 - SUBJECT ADDED ENTRY--TOPICAL TERM
Topical term or geographic name entry element National security.
Source of heading or term fast
Authority record control number or standard number (OCoLC)fst01033711
650 #7 - SUBJECT ADDED ENTRY--TOPICAL TERM
Topical term or geographic name entry element Terrorism
General subdivision Prevention
-- Government policy.
Source of heading or term fast
Authority record control number or standard number (OCoLC)fst01148127
651 #7 - SUBJECT ADDED ENTRY--GEOGRAPHIC NAME
Geographic name United States.
Source of heading or term fast
Authority record control number or standard number (OCoLC)fst01204155
700 1# - ADDED ENTRY--PERSONAL NAME
Personal name Haddow, George D.,
Relator term author.
700 1# - ADDED ENTRY--PERSONAL NAME
Personal name Coppola, Damon P.,
Relator term author.
906 ## - LOCAL DATA ELEMENT F, LDF (RLIN)
a 7
b cbc
c copycat
d 2
e ncip
f 20
g y-gencatlg
942 ## - ADDED ENTRY ELEMENTS (KOHA)
Source of classification or shelving scheme Library of Congress Classification
Koha item type Non-Fiction
Suppress in OPAC No
Holdings
Withdrawn status Lost status Source of classification or shelving scheme Damaged status Not for loan Collection Home library Current library Shelving location Date acquired Source of acquisition Total Checkouts Full call number Barcode Date last seen Price effective from Koha item type
    Library of Congress Classification     Non-fiction Kapasa Makasa University Kapasa Makasa University Open Access 03.05.2023 ZLS   HV 6432 Bul 300326 03.05.2023 03.05.2023 Non-Fiction
    Library of Congress Classification     Non-fiction Kapasa Makasa University Kapasa Makasa University Open Access 03.05.2023 ZLS   HV 6432 Bul 300325 03.05.2023 03.05.2023 Non-Fiction
    Library of Congress Classification     Non-fiction Kapasa Makasa University Kapasa Makasa University Open Access 22.05.2025 ZLS   HV 6432 Bul 301139 22.05.2025 22.05.2025 Non-Fiction
    Library of Congress Classification     Non-fiction Kapasa Makasa University Kapasa Makasa University Open Access 22.05.2025 ZLS   HV 6432 Bul 301138 22.05.2025 22.05.2025 Non-Fiction